Statistics for Immigration to Australia 2017 by Country of Origin

Click here to take the quiz!

General Stats

  • This quiz has been taken 106 times
  • The average score is 24 of 30

Answer Stats

Hint Answer % Correct
40,019India
98%
31,141China
98%
6,819Pakistan
97%
1,888Indonesia
96%
12,552New Zealand
94%
5,526Vietnam
92%
1,654France
89%
1,946Canada
87%
3,601United States
84%
2,680Thailand
84%
3,204South Korea
84%
4,238Malaysia
83%
1,418Germany
83%
17,644United Kingdom
82%
2,818Iran
81%
2,604Bangladesh
81%
1,917Italy
80%
12,145Philippines
79%
4,783South Africa
75%
8,657Syria
75%
9,709Iraq
75%
1,742Brazil
75%
3,920Ireland
70%
1,423Egypt
67%
1,560Singapore
65%
1,235Taiwan
65%
3,191Sri Lanka
65%
3,566Afghanistan
60%
4,361Nepal
51%
2,175Myanmar
42%

Score Distribution

Percentile by Number Answered

Percent of People with Each Score

Your Score History

You have not taken this quiz